-eer or -ier? Quiz Stats

 Plays Quiz Updated Aug 28, 2018

Score 0/18 Timer 03:00
2 Plays Today
Stem Answer % Correct
volunt???
93.6%
barr???
92.7%
cash???
92.6%
front???
90.5%
chandel???
90.4%
caval???
89.9%
engin???
88.8%
domin???
87.2%
command???
86.4%
Stem Answer % Correct
ven???
83.9%
auction???
81.9%
grenad???
81.1%
gazett???
79.4%
bombard???
78.4%
gondol???
76.4%
brigad???
73.1%
scrutin???
70.9%
chariot???
63.1%

You're not logged in!

Compare scores with friends on all Sporcle quizzes.
OR
Log In

Sporcle TV

Today on Sporcle TV


Watch our educational content, quiz creation guides, and fun videos on Sporcle TV.

Show Comments

Extras

Top Quizzes Today


Score Distribution

Your Account Isn't Verified!

In order to create a playlist on Sporcle, you need to verify the email address you used during registration. Go to your Sporcle Settings to finish the process.

Report this User

Report this user for behavior that violates our Community Guidelines.

Details: